000 00474nam a22001697a 4500
005 20251108172155.0
008 250721s1987 xx 000 0 ara d
082 1 4 _a750/محي
100 1 _aطالو، محي الدين
245 1 0 _aالموسوعة العلمية في الرسم و التلوين /
264 1 _aدمشق :
_bدار دمشق،
_c1987.
300 _a260ص
650 1 7 _aالرسم
650 1 7 _aالتلوين
942 _2ddc
_cBK
999 _c72320
_d72320